[Event "Jogo 02"]
[Site "http://www.queenalice.com/game.php?id=1759780"]
[Date "2021.5.17"]
[Round "-"]
[White "frankcasadio"]
[Black "Lintz"]
[Result "1-0"]
[WhiteElo "2045"]
[BlackElo "1960"]

1. e4 c5 2. Nf3 d6 3. Bc4 e6 4. a3 Nf6 5. Nc3 a6 6. d3 b5 7. Ba2 Bb7 8. Bg5 Be7
9. Qd2 Nc6 10. O-O a5 11. Nxb5 O-O 12. a4 Qd7 13. Rfe1 e5 14. h4 Ba6 15. Nh2 Nh5
16. g3 Bxg5 17. Qxg5 Nf6 18. h5 Bxb5 19. axb5 Nd4 20. h6 Nf3+ 21. Nxf3 Qg4 22.
Qxg4 Nxg4 23. hxg7 Kxg7 24. Kg2 f5 25. Ng5 Kg6 26. Nf3 f4 27. Nh4+ Kg5 28. Nf5
Rfd8 29. Bd5 Ra7 30. Rh1 Nf6 31. c4 Nxd5 32. cxd5 Rb8 33. gxf4+ exf4 34. Kf3 Kf6
35. Kxf4 Rg8 36. Rh6+ Rg6 37. Rxg6+ hxg6 38. Nxd6 a4 39. e5+ Kg7 40. b6 Ra8 41.
b7 Rb8 42. Rxa4 Kh6 43. Ra8 1-0

[Event "Jogo 06 (2021)"]
[Site "http://www.queenalice.com/game.php?id=1760464"]
[Date "2021.5.26"]
[Round "-"]
[White "frankcasadio"]
[Black "MarcosT"]
[Result "0-1"]
[WhiteElo "2058"]
[BlackElo "2100"]

1. e4 c5 2. Nf3 d6 3. d4 cxd4 4. Qxd4 Nc6 5. Qd1 Bg4 6. Bb5 e5 7. Bg5 Bxf3 8.
Nc3 Bxd1 9. Bxd8 Bxc2 10. Bh4 a6 11. Be2 Be7 12. Bxe7 Ngxe7 13. Kd2 Nd4 14. Rac1
Bb3 15. axb3 Nxb3+ 16. Kc2 Nxc1 17. Rxc1 Rc8 18. Kb1 O-O 19. Rd1 Rfd8 20. g3 Nc6
21. Nd5 Nd4 22. Bd3 Kf8 23. f4 exf4 24. gxf4 Ne6 25. h4 Nc5 26. Bc2 Re8 27. Re1
f5 28. e5 g6 29. Nf6 Re7 30. Nd5 Re6 31. Re3 Nd7 32. Bb3 dxe5 33. fxe5 Rxe5 34.
Rf3 Re1+ 35. Ka2 Rcc1 36. Ka3 Ra1+ 37. Ba2 Re4 38. Rh3 b5 39. b4 Re2 40. Nc3 Rf2
41. Kb3 Nb6 42. Bb1 Ra3+ 0-1

[Event "Jogo 7 (2021)"]
[Site "http://www.queenalice.com/game.php?id=1763988"]
[Date "2021.7.8"]
[Round "-"]
[White "MarcosT"]
[Black "frankcasadio"]
[Result "1-0"]
[WhiteElo "2136"]
[BlackElo "2026"]

1. e4 e5 2. Nf3 Nc6 3. Bc4 Bc5 4. c3 a6 5. O-O b5 6. Bb3 d6 7. d4 Bb6 8. a4 Bb7
9. axb5 axb5 10. Rxa8 Bxa8 11. dxe5 Nxe5 12. Nxe5 dxe5 13. Bxf7+ Kxf7 14. Qxd8
1-0

[Event "Jogo 08 (2021)"]
[Site "http://www.queenalice.com/game.php?id=1765785"]
[Date "2021.7.31"]
[Round "-"]
[White "frankcasadio"]
[Black "MarcosT"]
[Result "1-0"]
[WhiteElo "1993"]
[BlackElo "2187"]

1. e4 c5 2. Nf3 Nc6 3. d4 cxd4 4. Nxd4 e5 5. Nxc6 bxc6 6. Bc4 Nf6 7. Nc3 Bb4 8.
Qd3 Bxc3+ 9. bxc3 Qe7 10. Bg5 O-O 11. O-O Rd8 12. f4 Qc5+ 13. Kh1 Qe7 14. f5 d5
15. exd5 cxd5 16. Bb3 a5 17. a4 Ba6 18. Qg3 Bxf1 19. Rxf1 Rac8 20. Bh6 Qf8 21.
Bg5 Ne4 22. Qg4 Nxg5 23. Qxg5 Rxc3 24. f6 g6 25. Qxe5 Qd6 26. Qxc3 Qa6 27. Rd1
Rd6 28. h3 1-0

[Event "Jogo 03"]
[Site "http://www.queenalice.com/game.php?id=1766539"]
[Date "2021.8.9"]
[Round "-"]
[White "Lintz"]
[Black "frankcasadio"]
[Result "0-1"]
[WhiteElo "1870"]
[BlackElo "2000"]

1. e4 e5 2. Nf3 Nc6 3. Bc4 Bc5 4. c3 d6 5. O-O Bg4 6. d3 h6 7. Be3 Nf6 8. Nbd2
Qd7 9. a3 Bb6 10. Bxb6 axb6 11. Ba2 Nh5 12. Qe1 Nf4 13. d4 O-O-O 14. d5 Nb8 15.
Qe3 h5 16. b4 h4 17. Ne1 Be2 18. c4 Bxf1 19. Nxf1 Rh6 20. Nd2 Rg6 21. Ndf3 Rg4
22. Kh1 Rh8 23. c5 bxc5 24. bxc5 Rh6 25. cxd6 Qxd6 26. Rb1 Qa6 27. Ng1 Rhg6 28.
g3 Qf1 29. Qf3 hxg3 30. fxg3 Qxf3+ 31. Ngxf3 Nd7 32. d6 Ne6 33. dxc7 Kxc7 34.
Bd5 b6 35. Bb3 Rh6 36. Nh4 Rxe4 37. Nf5 Rg6 38. Bc2 Re2 39. Rc1 Ndc5 40. Ng2 Rf6
0-1

[Event "Jogo 04"]
[Site "http://www.queenalice.com/game.php?id=1766540"]
[Date "2021.8.9"]
[Round "-"]
[White "frankcasadio"]
[Black "Lintz"]
[Result "1-0"]
[WhiteElo "2011"]
[BlackElo "1859"]

1. e4 e5 2. Nc3 c6 3. Bc4 Nf6 4. Nf3 Qe7 5. d3 g6 6. Bg5 Bg7 7. d4 d6 8. h3 h6
9. Bh4 Nbd7 10. dxe5 dxe5 11. Qd3 O-O 12. Qe3 Qc5 13. Qxc5 Nxc5 14. Nxe5 Nfxe4
15. Nxg6 Re8 16. Ne7+ Kf8 17. Nxe4 Nxe4 18. O-O-O b5 19. Bb3 Bb7 20. Rd7 Nc5 21.
Rc7 Nxb3+ 22. axb3 Bc8 23. Nxc6 a6 24. Rd1 f6 25. Rd8 Rxd8 26. Nxd8 Bxh3 27.
gxh3 Rxd8 28. Bg3 Ra8 29. c4 bxc4 30. bxc4 Kg8 31. Rb7 a5 32. Rb8+ Rxb8 33. Bxb8
a4 34. c5 Kf7 35. c6 Ke8 36. c7 Kd7 37. Kb1 f5 38. Ka2 Be5 39. b4 Bxc7 40. Bxc7
Kxc7 41. Ka3 Kb6 42. Kxa4 f4 43. b5 h5 44. Kb4 h4 45. f3 1-0

[Event "Jogo 09 (2021)"]
[Site "http://www.queenalice.com/game.php?id=1768979"]
[Date "2021.9.6"]
[Round "-"]
[White "MarcosT"]
[Black "frankcasadio"]
[Result "1/2-1/2"]
[WhiteElo "2236"]
[BlackElo "2021"]

1. e4 e5 2. Nf3 Nc6 3. Bc4 Bc5 4. d3 d6 5. O-O Bg4 6. h3 Bh5 7. c3 h6 8. b4 Bb6
9. a4 a6 10. Nbd2 Nge7 11. Re1 O-O 12. Nf1 Kh8 13. Ng3 Bg6 14. a5 Ba7 15. Nh4
Bh7 16. Qf3 Ng8 17. Ngf5 Qf6 18. Qg3 Nce7 19. Nxe7 Nxe7 20. Nf3 Qg6 21. Qxg6
Nxg6 22. g3 f5 23. exf5 Rxf5 24. Bd5 c6 25. Be4 Rf6 26. Be3 Bb8 27. Bb6 d5 28.
Bxg6 Rxf3 29. Kg2 Rf6 30. Bxh7 Kxh7 31. Re2 Bd6 32. Rae1 h5 33. d4 e4 34. Bc5
Bc7 35. Rf1 Re8 36. Rfe1 Ree6 37. Kg1 g5 38. c4 h4 39. Kg2 Kg6 40. cxd5 cxd5
1/2-1/2

[Event "Game 10 (2021)"]
[Site "http://www.queenalice.com/game.php?id=1776116"]
[Date "2021.12.2"]
[Round "-"]
[White "frankcasadio"]
[Black "MarcosT"]
[Result "0-1"]
[WhiteElo "2030"]
[BlackElo "2240"]

1. e4 c5 2. Nf3 Nc6 3. d4 cxd4 4. Nxd4 Nf6 5. Nc3 d6 6. Bb5 Bd7 7. Nxc6 bxc6 8.
Ba4 e5 9. Bg5 Be7 10. Bxf6 gxf6 11. Qh5 Qa5 12. Bb3 d5 13. O-O-O Be6 14. exd5
cxd5 15. Nxd5 Rd8 16. Nxe7 Rxd1+ 17. Rxd1 Kxe7 18. Bxe6 fxe6 19. Qg4 Rf8 20. Rd3
Qe1+ 21. Qd1 Qxd1+ 22. Kxd1 e4 23. Rh3 Rf7 24. Ra3 Kd6 25. c4 Kc5 26. Rc3 Rg7
27. g3 f5 28. a3 a5 29. b3 e5 30. Ke2 f4 31. h4 Kd4 32. Kd2 e3+ 33. fxe3+ fxe3+
34. Rxe3 e4 35. Rc3 Rf7 36. Rc1 Rf2+ 37. Ke1 Rh2 38. c5 Ke3 39. Rc3+ Kd4 40.
Rc4+ Kd3 41. c6 e3 42. Kf1 e2+ 43. Kg1 Rxh4 44. gxh4 e1=Q+ 45. Kg2 Qd2+ 46. Kg3
Qe1+ 47. Kg4 Qd1+ 48. Kf4 Qxb3 49. Rc5 Qf7+ 50. Ke5 Qe7+ 51. Kd5 Qd8+ 52. Ke6
Qe8+ 53. Kd6 Qd8+ 54. Ke6 Kd4 55. Rc1 Qd5+ 56. Ke7 Qe5+ 57. Kd8 Qd6+ 58. Ke8 Qc7
59. h5 h6 60. Rc2 Qc8+ 61. Ke7 Kd5 62. c7 Qe6+ 63. Kd8 Qg8+ 64. Kd7 Qh7+ 65. Kd8
Qxc2 66. c8=Q Qxc8+ 67. Kxc8 Kc4 68. Kd7 Kb3 69. Ke6 Kxa3 70. Kf6 Kb4 71. Kg6 a4
72. Kxh6 a3 73. Kg6 a2 74. Kh7 a1=Q 75. h6 Qf6 76. Kg8 Qxh6 77. Kf7 Kc5 78. Ke7
Kc6 79. Kf7 Kd6 80. Kg8 Qe6+ 81. Kg7 Ke5 82. Kf8 Qd7 83. Kg8 Kf6 0-1

[Event "Vamos 3 ?"]
[Site "http://www.queenalice.com/game.php?id=1792230"]
[Date "2022.7.9"]
[Round "-"]
[White "frankcasadio"]
[Black "BeatifulDevil56"]
[Result "1-0"]
[WhiteElo "2035"]
[BlackElo "1943"]

1. e4 e5 2. Nf3 Nc6 3. d4 exd4 4. Nxd4 Nxd4 5. Qxd4 Qf6 6. Be3 Be7 7. Nc3 Qxd4
8. Bxd4 Nf6 9. Bc4 O-O 10. O-O-O a6 11. f3 b5 12. Bb3 c6 13. g4 d5 14. Bxf6 Bxf6
15. exd5 Bxc3 16. bxc3 cxd5 17. Rxd5 Be6 18. Rd6 Bxb3 19. cxb3 h6 20. Rhd1 Rfe8
21. Rc6 Rac8 22. Rxc8 Rxc8 23. Kb2 Rc6 24. h4 Rf6 25. Rd3 Rb6 26. Ka3 Rc6 27.
Kb4 Kf8 28. a3 g6 29. c4 bxc4 30. bxc4 Ke7 31. c5 f5 32. g5 hxg5 33. hxg5 Ke6
34. f4 a5+ 35. Kb5 1-0

[Event "AUTO-OPEN-4423"]
[Site "http://www.queenalice.com/game.php?id=1805925"]
[Date "2023.2.11"]
[Round "1"]
[White "chessman"]
[Black "frankcasadio"]
[Result "1-0"]
[WhiteElo "2031"]
[BlackElo "2065"]

1. e4 e5 2. Nf3 Nc6 3. Bb5 Bc5 4. O-O d6 5. c3 Bd7 6. d4 Bb6 7. d5 Nce7 8. Bxd7+
Qxd7 9. c4 Nf6 10. Nc3 a6 11. a3 Ng6 12. Re1 Nh5 13. b3 Nhf4 14. Be3 Qg4 15. g3
Qh3 16. gxf4 exf4 17. Bxb6 cxb6 18. e5 dxe5 19. Nxe5 O-O-O 20. Qg4+ Qxg4+ 21.
Nxg4 f6 22. Kg2 Nh4+ 23. Kh3 Nf3 24. Re7 h5 25. Rxg7 hxg4+ 26. Kxg4 Nxh2+ 27.
Kxf4 Rh4+ 28. Kg3 Rdh8 29. Rg8+ Rxg8+ 30. Kxh4 f5 31. Kh3 Nf3 32. Ne2 Nd2 33.
Nd4 Rg5 34. Re1 Ne4 35. Re2 Rh5+ 36. Kg2 Nd6 37. Re7 Rh4 38. Ne6 Re4 39. Rc7+
Kb8 40. Rd7 Rg4+ 41. Kf3 Ne4 42. Rd8+ Ka7 43. Ke3 Nc5 44. Nc7 Re4+ 45. Kf3 b5
46. cxb5 Kb6 47. d6 axb5 48. Nd5+ Kc6 49. Nb4+ Kb6 50. Nd5+ Kc6 51. Ne7+ Kb6 52.
Nxf5 Kc6 53. Rc8+ Kd7 54. Rxc5 Re6 55. Rxb5 Kc8 56. Kf4 Re1 57. a4 Ra1 58. f3
Rd1 59. Ke5 Re1+ 60. Kf4 Rd1 61. Ke5 Re1+ 62. Kd5 Rd1+ 63. Nd4 Re1 64. d7+ Kxd7
65. Rxb7+ Kc8 66. Rh7 Re8 67. f4 Rg8 68. f5 Rf8 69. Rc7+ Kb8 70. Rh7 Ka8 71. b4
Kb8 72. a5 Ka8 73. b5 Kb8 74. Ke6 Ka8 75. f6 Kb8 76. f7 Kc8 77. Ke7 Rd8 78. f8=Q
Rxf8 79. Kxf8 Kb8 80. b6 Ka8 81. Rc7 Kb8 82. a6 1-0

[Event "AUTO-OPEN-4423"]
[Site "http://www.queenalice.com/game.php?id=1805926"]
[Date "2023.2.11"]
[Round "1"]
[White "frankcasadio"]
[Black "chessman"]
[Result "1-0"]
[WhiteElo "2047"]
[BlackElo "2010"]

1. e4 e6 2. Bc4 d5 3. exd5 exd5 4. Bb3 c6 5. d3 Nf6 6. Nc3 Be7 7. Bf4 O-O 8. h3
Bb4 9. Bd2 Re8+ 10. Nge2 Qe7 11. O-O h6 12. Re1 a6 13. a3 Bd6 14. Bf4 Bxf4 15.
Nxf4 Qxe1+ 16. Qxe1 Rxe1+ 17. Rxe1 Bf5 18. g4 Bg6 19. f3 Nbd7 20. h4 Re8 21.
Rxe8+ Nxe8 22. Nxg6 fxg6 23. Ne2 Nd6 24. c3 Kf7 25. Kf2 Ne5 26. Bc2 Ke6 27. Kg3
c5 28. b3 g5 29. h5 b5 30. f4 gxf4+ 31. Nxf4+ 1-0

[Event "AUTO-OPEN-4423"]
[Site "http://www.queenalice.com/game.php?id=1805945"]
[Date "2023.2.11"]
[Round "1"]
[White "Canaye"]
[Black "frankcasadio"]
[Result "0-1"]
[WhiteElo "1858"]
[BlackElo "2073"]

1. d4 d5 2. c4 Nf6 3. Nc3 Bf5 4. cxd5 Nxd5 5. Nxd5 Qxd5 6. Nf3 Nc6 7. e3 Nb4 8.
Qa4+ Nc6 9. Bc4 Qa5+ 10. Qxa5 Nxa5 11. Be2 a6 12. O-O e6 13. Bd2 Nc6 14. a3 Bd6
15. e4 Bxe4 16. Ne1 Nxd4 17. Bc4 b5 18. Bd3 Bd5 19. Nc2 Nb3 20. Rad1 h6 21. Bc3
f6 22. Nb4 Bb7 23. Rfe1 e5 24. Bg6+ Ke7 25. Nd5+ Bxd5 26. Rxd5 Nc5 27. f4 c6 28.
fxe5 cxd5 29. exd6+ Kxd6 30. b4 Nd7 31. Bd4 Rac8 32. Bf5 Rc4 33. Re6+ Kc7 34.
Bb2 Rc6 35. Re7 Rd6 36. Rxg7 d4 37. Kf2 Re8 38. Bc1 Rd5 39. Bxd7 Rxd7 40. Rxd7+
Kxd7 41. Bxh6 d3 42. Kg3 Kc6 43. Kf3 Kd5 44. Bd2 Kc4 45. h4 Kb3 46. h5 Kc2 47.
Bh6 d2 48. Bxd2 Kxd2 49. Kf4 Kc2 50. g4 Kb3 51. Kf5 Kxa3 52. Kxf6 Kxb4 53. g5 a5
54. g6 a4 55. h6 a3 56. g7 a2 57. Kf7 Ra8 58. h7 a1=Q 59. g8=Q Rxg8 60. hxg8=Q
Qa2+ 61. Kf8 Qxg8+ 0-1

[Event "AUTO-OPEN-4423"]
[Site "http://www.queenalice.com/game.php?id=1805946"]
[Date "2023.2.11"]
[Round "1"]
[White "frankcasadio"]
[Black "Canaye"]
[Result "1-0"]
[WhiteElo "2064"]
[BlackElo "1884"]

1. e4 e6 2. Bc4 d5 3. exd5 exd5 4. Qe2+ Be6 5. Bb3 Nf6 6. d4 Be7 7. Qb5+ Nbd7 8.
Qxb7 Qb8 9. Qxb8+ Rxb8 10. Bf4 Rb7 11. h3 h6 12. f3 O-O 13. Ne2 c5 14. dxc5 Nxc5
15. Nbc3 Nxb3 16. cxb3 Rc8 17. O-O-O g5 18. Be5 Rd7 19. Kb1 Kh7 20. Nd4 Kg6 21.
Nxe6 fxe6 22. g4 Bd6 23. Bxd6 Rxd6 24. Rd4 a6 25. Rhd1 Rc5 26. b4 Rc8 27. Na4
Kf7 28. a3 Ke7 29. Nc5 Nd7 30. Ne4 Rdc6 31. Nc3 Rxc3 32. bxc3 Rxc3 33. R4d3 Rc4
34. Kb2 Rf4 35. Re1 Kf6 36. Rc3 Ne5 37. Rce3 Nc4+ 38. Kc2 Nxe3+ 39. Rxe3 Rc4+
40. Rc3 Ke5 41. Rxc4 dxc4 42. Kc3 Kd5 43. a4 e5 44. a5 e4 45. fxe4+ Kxe4 46.
Kxc4 Kf3 47. Kc5 Kg3 48. Kb6 Kxh3 49. Kxa6 Kxg4 50. Kb6 h5 51. a6 h4 52. a7 h3
53. a8=Q h2 54. Qg2+ 1-0

[Event "AUTO-OPEN-4423"]
[Site "http://www.queenalice.com/game.php?id=1805955"]
[Date "2023.2.11"]
[Round "1"]
[White "AndreTheFrog"]
[Black "frankcasadio"]
[Result "0-1"]
[WhiteElo "1599"]
[BlackElo "2062"]

1. e4 e5 2. Bc4 Bc5 3. Nf3 d6 4. O-O Bg4 5. h3 Bh5 6. c3 Qd7 7. Qc2 Nf6 8. d4
exd4 9. cxd4 Bb6 10. Rd1 Nc6 11. e5 d5 12. Bd3 Bxf3 13. gxf3 Nxd4 14. Qc3 Qxh3
15. Be3 Nxf3# 0-1

[Event "AUTO-OPEN-4423"]
[Site "http://www.queenalice.com/game.php?id=1805956"]
[Date "2023.2.11"]
[Round "1"]
[White "frankcasadio"]
[Black "AndreTheFrog"]
[Result "1-0"]
[WhiteElo "2080"]
[BlackElo "1614"]

1. e4 e5 2. Nf3 Nc6 3. Bc4 h6 4. d4 d6 5. dxe5 Nxe5 6. Nxe5 dxe5 7. Qxd8+ Kxd8
8. Bxf7 Ne7 9. b3 Bd7 10. O-O g5 11. Rd1 Rh7 12. Be6 Ke8 13. Rxd7 Rd8 14. Rxd8+
Kxd8 15. Nc3 Ng6 16. Be3 Nf4 17. Bf5 Rg7 18. Rd1+ Bd6 19. Nb5 Ne2+ 20. Kf1 Nd4
21. Bxd4 exd4 22. Rxd4 Re7 23. Nxd6 cxd6 24. Rxd6+ Ke8 25. Rxh6 Re5 26. Re6+
Rxe6 27. Bxe6 1-0

[Event "Challenge"]
[Site "http://www.queenalice.com/game.php?id=1806304"]
[Date "2023.2.18"]
[Round "-"]
[White "FLeicher"]
[Black "frankcasadio"]
[Result "1-0"]
[WhiteElo "2048"]
[BlackElo "2082"]

1. e4 e5 2. Bc4 Nc6 3. Nc3 Nf6 4. d3 Bb4 5. Bd2 d6 6. a3 Ba5 7. Nf3 Bg4 8. h3
Bh5 9. g4 Bg6 10. Na4 a6 11. Ba2 Qd7 12. Bxa5 Nxa5 13. Nc3 O-O 14. Nh4 Nc6 15.
Ne2 Ne7 16. Ng3 c6 17. Nxg6 Nxg6 18. g5 Ne8 19. h4 d5 20. Qf3 Nc7 21. O-O-O Nf4
22. h5 Nfe6 23. Qg4 Rad8 24. g6 h6 25. Nf5 f6 26. Qg3 Kh8 27. Qe3 d4 28. Qd2 Nf4
29. Rdg1 Ne8 30. Rh4 Nd6 31. Nxh6 gxh6 32. g7+ Kh7 33. gxf8=N+ Rxf8 34. Rg6 Nf7
35. Rxf6 Kg7 36. Rhxf4 exf4 37. Qxf4 Qe7 38. e5 Ng5 39. Rxf8 Qxf8 40. Qxd4 Qe7
41. Qd6 Qxd6 42. exd6 Kf8 43. f4 Nh3 44. f5 Nf4 45. f6 Nxh5 46. d7 Nxf6 47.
d8=Q+ Kg7 48. Qe7+ Kg6 49. Bf7+ Kf5 50. Qe6+ Kg5 51. Qe5+ Kg4 52. Qxf6 h5 53.
Bxh5+ Kxh5 54. Qg7 c5 55. Kd2 b5 56. Ke3 c4 57. Kf4 1-0

[Event "AUTO-OPEN-4423"]
[Site "http://www.queenalice.com/game.php?id=1826732"]
[Date "2023.12.8"]
[Round "2"]
[White "Fauquinelle"]
[Black "frankcasadio"]
[Result "0-1"]
[WhiteElo "1982"]
[BlackElo "2053"]

1. e4 e5 2. Nf3 Nc6 3. Bb5 Bc5 4. c3 a6 5. Bxc6 dxc6 6. O-O Bg4 7. d3 Qf6 8.
Nbd2 h5 9. h3 Qe6 10. d4 exd4 11. hxg4 hxg4 12. Nxd4 Qh6 13. f4 g3 0-1

[Event "AUTO-OPEN-4423"]
[Site "http://www.queenalice.com/game.php?id=1826733"]
[Date "2023.12.8"]
[Round "2"]
[White "frankcasadio"]
[Black "Fauquinelle"]
[Result "1-0"]
[WhiteElo "2066"]
[BlackElo "1917"]

1. e4 e5 2. Nf3 Nc6 3. d4 exd4 4. Nxd4 Bc5 5. Be3 Qf6 6. c3 Nge7 7. g3 O-O 8.
Bg2 Ng6 9. O-O Nge5 10. Nf5 Bxe3 11. fxe3 d6 12. Nd4 Qg5 13. Qe2 Bg4 14. Nf3 f5
15. Nxg5 Bxe2 16. Rxf5 Ne7 17. Rxf8+ Rxf8 18. Ne6 Nf3+ 19. Kf2 Rf6 20. Kxe2 Nxh2
21. Nf4 Ng4 22. Nh3 Nc6 23. Nd2 Nce5 24. Rf1 h6 25. Rxf6 gxf6 26. b3 b5 27. Nf3
Kf7 28. Nxe5+ fxe5 29. Nf2 h5 30. Nxg4 hxg4 31. Kd2 c5 32. Bf1 a6 33. a4 bxa4
34. bxa4 a5 35. Be2 Kf6 36. Bxg4 1-0